[Event "Colonia de Sant Jordi op 2nd"]
[Site "Colonia de Sant Jordi"]
[Date "2023.06.18"]
[Round "9"]
[White "Ramon Sanchez Campins, Pedro"]
[Black "Rossello Sanchez, Bartolome"]
[Result "1-0"]
[WhiteElo "1689"]
[BlackElo "1635"]
[PlyCount "95"]
[EventDate "2023.06.10"]
[EventType "swiss"]
[EventRounds "9"]
[EventCountry "ESP"]
[SourceTitle "EXT 2024"]
[Source "ChessBase"]
[SourceDate "2023.10.10"]
[SourceVersion "1"]
[SourceVersionDate "2023.10.10"]
[SourceQuality "1"]

1. d4 d5 2. Nf3 Nf6 3. g3 c5 4. Bg2 cxd4 5. Nxd4 e5 6. Nb3 h6 7. 0-0 Nc6 8. c4 d4 9. N3d2 Bc5 10. Nb3 Bb6 11. c5 Bc7 12. Na3 Be6 13. Nb5 Bb8 14. e3 Bc4 15. Na3 Bxf1 16. Qxf1 d3 17. Bd2 e4 18. Bc3 Be5 19. Bxe5 Nxe5 20. Nd2 0-0 21. Nxe4 Nxe4 22. Bxe4 f5 23. Bxb7 Rb8 24. Qg2 d2 25. Rd1 Qd3 26. Qd5+ Qxd5 27. Bxd5+ Kh7 28. b3 Rbd8 29. e4 fxe4 30. Bxe4+ g6 31. Nb1 Rd4 32. f3 Nxf3+ 33. Bxf3 Rxf3 34. Rxd2 Rxd2 35. Nxd2 Rc3 36. Nc4 Rf3 37. b4 Kg7 38. Kg2 Rf7 39. Nd6 Rd7 40. Kf3 Rxd6 41. cxd6 Kf6 42. Ke4 Ke6 43. d7 Kxd7 44. Kd5 Kc7 45. a4 Kd7 46. b5 Kc7 47. a5 g5 48. g4 1-0

[Event "Colonia de Sant Jordi op 2nd"]
[Site "Colonia de Sant Jordi"]
[Date "2023.06.13"]
[Round "4"]
[White "Ferenczi, Robert Frank"]
[Black "Rossello Sanchez, Bartolome"]
[Result "1/2-1/2"]
[WhiteElo "1864"]
[BlackElo "1635"]
[PlyCount "51"]
[EventDate "2023.06.10"]
[EventType "swiss"]
[EventRounds "9"]
[EventCountry "ESP"]
[SourceTitle "CBM 214 Extra"]
[Source "ChessBase"]
[SourceDate "2023.07.31"]
[SourceVersion "1"]
[SourceVersionDate "2023.07.31"]
[SourceQuality "1"]

1. e4 e5 2. f4 Bc5 3. Nf3 d5 4. Nxe5 dxe4 5. Qh5 Be6 6. Nxf7 Bf2+ 7. Kxf2 Bxf7 8. Qe5+ Ne7 9. Bb5+ c6 10. Be2 0-0 11. d3 Nd7 12. Qxe4 Bd5 13. Qb4 Nf5 14. Rf1 Qh4+ 15. Kg1 Rae8 16. Nc3 Bxg2 17. Rf2 Ne5 18. Ne4 Nf3+ 19. Rxf3 Bxf3 20. Bxf3 Qh3 21. Ng5 Qh4 22. Qc4+ Kh8 23. Nf7+ Rxf7 24. Qxf7 Qe7 25. Qxf5 Qe1+ 26. Kg2 1/2-1/2

[Event "Mallorca-ch Veterans"]
[Site "Portals Nous"]
[Date "2021.04.09"]
[Round "2"]
[White "Rossello Sanchez, Bartolome"]
[Black "Florit Mulet, Miguel"]
[Result "1-0"]
[WhiteElo "1627"]
[BlackElo "1689"]
[PlyCount "85"]
[EventDate "2021.03.26"]
[EventType "swiss"]
[EventRounds "5"]
[EventCountry "ESP"]
[SourceTitle "EXT 2022"]
[Source "ChessBase"]
[SourceDate "2021.10.06"]
[SourceVersion "1"]
[SourceVersionDate "2021.10.06"]
[SourceQuality "1"]

1. c4 d5 2. d4 e6 3. Nf3 c6 4. g3 Nf6 5. Bg2 Be7 6. 0-0 0-0 7. b3 Nbd7 8. Bb2 Qc7 9. Qc2 Re8 10. Nbd2 Bd6 11. c5 Bf8 12. e4 dxe4 13. Ng5 h6 14. Ngxe4 Nxe4 15. Nxe4 f5 16. Nd2 Nf6 17. Rfe1 Bd7 18. Nf3 Rad8 19. Rac1 Bc8 20. Ne5 Kh7 21. h4 g6 22. Qc3 Bg7 23. Qc2 h5 24. Nf3 Ne4 25. Ne5 Nf6 26. Rcd1 Re7 27. Bc1 Rf8 28. Bf4 Qd8 29. b4 Qe8 30. Nf3 Ne4 31. Bd6 Nxd6 32. cxd6 Rd7 33. Ng5+ Kg8 34. Rxe6 Qd8 35. Rxg6 Rxd6 36. Qc4+ Rd5 37. Bxd5+ cxd5 38. Qe2 Rf6 39. Qxh5 Rxg6 40. Qxg6 Qf6 41. Qh5 Bd7 42. Re1 Bc6 43. Re6 1-0

[Event "Calvia Amateur op 17th"]
[Site "Calvia"]
[Date "2020.10.18"]
[Round "9"]
[White "Rossello Sanchez, Bartolome"]
[Black "Baldo Company, Jordi"]
[Result "1-0"]
[WhiteElo "1618"]
[BlackElo "1565"]
[PlyCount "65"]
[EventDate "2020.10.10"]
[EventType "swiss"]
[EventRounds "9"]
[EventCountry "ESP"]
[SourceTitle "CBM 198 Extra"]
[Source "ChessBase"]
[SourceDate "2020.11.30"]
[SourceVersion "1"]
[SourceVersionDate "2020.11.30"]
[SourceQuality "1"]

1. c4 e5 2. Nc3 Nf6 3. g3 d5 4. cxd5 Nxd5 5. Bg2 Be6 6. Nf3 Nc6 7. 0-0 Bc5 8. Ne4 Be7 9. d4 exd4 10. Nxd4 Nxd4 11. Qxd4 f6 12. Nc5 Bxc5 13. Qxc5 Qe7 14. Qxe7+ Kxe7 15. e4 Nb4 16. Bf4 c6 17. e5 Nd3 18. exf6+ Kxf6 19. Be3 Rad8 20. b3 a6 21. h3 Nb4 22. Bb6 Rd7 23. Ba5 Nd5 24. Rfe1 b6 25. Bd2 Rhd8 26. Bg5+ Kxg5 27. Rxe6 Rd6 28. h4+ Kg4 29. Rae1 Rxe6 30. Rxe6 Nf6 31. Kh2 Rd2 32. Re5 h6 33. f3# 1-0

[Event "Calvia Amateur op 17th"]
[Site "Calvia"]
[Date "2020.10.16"]
[Round "7"]
[White "Rossello Sanchez, Bartolome"]
[Black "Nadal Tur, Antonio"]
[Result "0-1"]
[WhiteElo "1618"]
[BlackElo "1691"]
[PlyCount "58"]
[EventDate "2020.10.10"]
[EventType "swiss"]
[EventRounds "9"]
[EventCountry "ESP"]
[SourceTitle "CBM 198 Extra"]
[Source "ChessBase"]
[SourceDate "2020.11.30"]
[SourceVersion "1"]
[SourceVersionDate "2020.11.30"]
[SourceQuality "1"]

1. c4 Nf6 2. d4 c5 3. d5 b5 4. cxb5 a6 5. Nc3 g6 6. e4 d6 7. bxa6 Bxa6 8. Bxa6 Rxa6 9. Nge2 Nbd7 10. f4 Bg7 11. 0-0 Qb6 12. Be3 Ng4 13. Qd2 Nxe3 14. Qxe3 0-0 15. Rab1 Bd4 16. Nxd4 cxd4 17. Qc1 dxc3+ 18. Kh1 cxb2 19. Rxb2 Qa7 20. Qd2 Ra4 21. Rfb1 Qd4 22. Qe2 Nc5 23. e5 Qxf4 24. exd6 exd6 25. Rf1 Qe5 26. Qc2 Re4 27. Rbb1 Re2 28. Qd1 Qe4 29. Rf3 Re8 0-1

[Event "Calvia Amateur op 17th"]
[Site "Calvia"]
[Date "2020.10.10"]
[Round "1"]
[White "Rossello Sanchez, Bartolome"]
[Black "Maldonado Mena, German"]
[Result "0-1"]
[WhiteElo "1618"]
[BlackElo "2066"]
[PlyCount "109"]
[EventDate "2020.10.10"]
[EventType "swiss"]
[EventRounds "9"]
[EventCountry "ESP"]
[SourceTitle "CBM 198 Extra"]
[Source "ChessBase"]
[SourceDate "2020.11.30"]
[SourceVersion "1"]
[SourceVersionDate "2020.11.30"]
[SourceQuality "1"]

1. c4 Nf6 2. d4 e6 3. Nc3 Bb4 4. Qc2 d5 5. a3 Bxc3+ 6. Qxc3 Ne4 7. Qc2 Qf6 8. Nf3 Nc6 9. e3 Qg6 10. g3 h5 11. Bg2 h4 12. c5 hxg3 13. hxg3 Rxh1+ 14. Bxh1 Bd7 15. b4 a6 16. Bb2 f6 17. Bg2 b5 18. Nh4 Qh7 19. 0-0-0 a5 20. Rh1 Kf7 21. f3 Ng5 22. Qxh7 Nxh7 23. bxa5 Nxa5 24. e4 Nc4 25. exd5 exd5 26. f4 c6 27. Nf3 Bf5 28. g4 Be4 29. Nh4 Bxg2 30. Nxg2 Nf8 31. Rh3 Re8 32. Rb3 Re2 33. Nh4 Ne6 34. f5 Nf4 35. a4 bxa4 36. Rb7+ Re7 37. Rxe7+ Kxe7 38. Kc2 Ne3+ 39. Kc3 Nxg4 40. Kb4 Nd3+ 41. Ka3 Nxb2 42. Kxb2 Ne3 43. Kc3 a3 44. Kb3 Kd7 45. Kxa3 Nc2+ 46. Kb3 Nxd4+ 47. Kc3 Ne2+ 48. Kd3 Ng3 49. Kc3 Kc7 50. Kb4 Kb7 51. Ka5 Ka7 52. Ka4 Ka6 53. Ng6 d4 54. Nh4 d3 55. Nf3 0-1

[Event "Mallorca-ch C"]
[Site "Palma de Mallorca"]
[Date "2018.11.11"]
[Round "2.12"]
[White "Rossello Sanchez, Bartolome"]
[Black "Ferrer Mygina, Juan"]
[Result "1-0"]
[WhiteElo "1604"]
[BlackElo "1574"]
[PlyCount "73"]
[EventDate "2018.11.10"]
[EventType "swiss"]
[EventRounds "6"]
[EventCountry "ESP"]
[SourceTitle "EXT 2024"]
[Source "ChessBase"]
[SourceDate "2023.10.10"]
[SourceVersion "1"]
[SourceVersionDate "2023.10.10"]
[SourceQuality "1"]

1. c4 Nf6 2. Nc3 e6 3. Nf3 d5 4. d4 Be7 5. g3 0-0 6. cxd5 exd5 7. Bg2 c6 8. 0-0 Re8 9. Ne5 Ng4 10. Nxg4 Bxg4 11. f3 Bf5 12. g4 Bg6 13. Bf4 Bd6 14. Qd2 Qc7 15. Bxd6 Qxd6 16. e4 dxe4 17. fxe4 Na6 18. Rad1 Rad8 19. Rfe1 Nc7 20. e5 Qe7 21. Ne4 Bxe4 22. Bxe4 Nd5 23. Qf2 Qg5 24. h3 Nf4 25. Kh2 Qh6 26. Qf3 g5 27. Bb1 f6 28. Qb3+ Kh8 29. e6 Qh4 30. Qf3 Re7 31. Bf5 c5 32. dxc5 Rxd1 33. Rxd1 Nxe6 34. Bxe6 Rxe6 35. Rd8+ Kg7 36. Qxb7+ Kg6 37. Rg8+ 1-0

[Event "Santa Margalida Mallorca-ch"]
[Site "Santa Margalida"]
[Date "2016.11.12"]
[Round "2"]
[White "Garcia Moll, Gabriel"]
[Black "Rossello Sanchez, Bartolome"]
[Result "0-1"]
[WhiteElo "1096"]
[BlackElo "1533"]
[PlyCount "50"]
[EventDate "2016.11.11"]
[EventType "swiss"]
[EventRounds "8"]
[EventCountry "ESP"]
[SourceTitle "EXT 2018"]
[Source "ChessBase"]
[SourceDate "2017.10.13"]
[SourceVersion "1"]
[SourceVersionDate "2017.10.13"]
[SourceQuality "1"]

1. e4 b6 2. d4 Bb7 3. Nc3 e6 4. Nf3 d6 5. Be3 a6 6. Bd3 Be7 7. Qe2 Nd7 8. d5 Bf6 9. Qd2 h6 10. Nd4 e5 11. Nf5 Ne7 12. Ng3 Ng6 13. Nf5 Nh4 14. Nxh4 Bxh4 15. g3 Bf6 16. f4 exf4 17. Bxf4 g5 18. Be3 Ne5 19. Be2 Bc8 20. h3 Bd7 21. 0-0-0 h5 22. Rdf1 g4 23. h4 Bg7 24. Bd4 Qe7 25. Qg5 Bh6 0-1